000 00223nam a2200097Ia 4500
005 20251222151259.0
008 251222s9999||||xx |||||||||||||| ||spa||
082 _aDTI-2 INT-DTI-2
245 0 _aAULA DIGITAL UCSS
942 _cLIB
999 _c22938
_d22938